| 000 | 00974nam a22002297a 4500 | ||
|---|---|---|---|
| 003 | OSt | ||
| 005 | 20260508112021.0 | ||
| 008 | 260508b |||||||| |||| 00| 0 eng d | ||
| 040 | _aKenya National Library Service | ||
| 082 | _a170 KIB | ||
| 100 |
_aKibutu, Peter Njogu _eauthor |
||
| 245 |
_aContemporary Social issues : _ba moral perspective / _cPeter Njogu Kibutu |
||
| 300 |
_a158 pages ; _c30 cm. |
||
| 504 | _aIncludes index | ||
| 520 | _aThis treatise expose an increasing urgency of alerting the young on the dangers of life on one hand and an improved attitude towards one sexual life and social self empowerment as adults on the other. Its a sure way of avoiding unnecessary social crisis and trauma in one's future. | ||
| 650 | _aSocial ethics | ||
| 650 |
_aKenya _vSocial conditions _y21st Century |
||
| 650 |
_aReligion and Sociology _vKenya |
||
| 942 |
_2ddc _cBK _n0 |
||
| 999 |
_c492609 _d492609 |
||